Organizácie destinačného manažmentu a ich vplyv na rozvoj regionálneho cestovného ruchu bakalárska práca
Gespeichert in:
| 1. Verfasser: | |
|---|---|
| Körperschaft: | |
| Weitere Verfasser: | |
| Format: | Buch |
| Sprache: | Slowakisch |
| Veröffentlicht: |
Bratislava
2025
|
| Tags: |
Keine Tags, Fügen Sie das erste Tag hinzu!
|
MARC
| LEADER | 00000nbm a2200000 4500 | ||
|---|---|---|---|
| 001 | 0311143 | ||
| 005 | 20251112124608.8 | ||
| 041 | 0 | |a slo | |
| 044 | |a SK | ||
| 245 | 1 | 0 | |a Organizácie destinačného manažmentu a ich vplyv na rozvoj regionálneho cestovného ruchu |b bakalárska práca |c Viktória Ciberová ; školiteľ: Jerguš Horský |
| 264 | 1 | |a Bratislava |c 2025 | |
| 300 | |a 61 s. | ||
| 100 | 1 | |a Ciberová, Viktória | |
| 700 | 1 | |a Horský, Jerguš, 1998- | |
| 710 | 2 | |a Obchodná fakulta EU. Katedra cestovného ruchu | |